Inaplicabilidad por inconstitucionalidad: jurisprudencia 1980-2005

Spremljeno u:
Bibliografski detalji
Glavni autori: Saenger Gianoni, Fernando (Autor), Bruna Contreras, Guillermo (Autor)
Format: Knjiga
Jezik:španjolski
Izdano: Santiago Jurídica de Chile 2006
Izdanje:1a. ed
Teme:
Oznake: Dodaj oznaku
Bez oznaka, Budi prvi tko označuje ovaj zapis!

MARC

LEADER 00000nam a2200000 a 4500
001 UCJ1365
003 CL-VaPUC
008 061013e20060000CL |||||||||||||||||spa|d
020 |a 956794332X 
082 0 4 |a 347.8305  |b SAE  |2 21 
100 0 |a Saenger Gianoni, Fernando  |e author  |9 502000 
700 0 |a Bruna Contreras, Guillermo  |e author  |9 502001 
245 1 0 |a Inaplicabilidad por inconstitucionalidad: jurisprudencia 1980-2005 
250 |a 1a. ed 
300 |a 257 p 
942 |c BK 
945 |d 20061013 00:00:00  |a jtorresc 
260 |a Santiago  |b Jurídica de Chile  |c 2006 
650 0 |a Recurso de inaplicabilidad   |9 384625 
650 0 |a Corte suprema   |9 370023 
650 0 |a Inconstitucionalidad  |9 403725 
650 0 |a Procedimiento civil  |9 254870 
650 0 |a Jurisprudencia  |9 255952 
583 |a last modification  |c 20061013 00:00:00  |k Rodrigo Vera 
999 |c 317985  |d 317983 
952 |0 0  |1 0  |4 0  |6 347_830500000000000_SAE_2006  |7 0  |8 A  |9 395125  |a BIBDER  |b BIBDER  |d 2019-11-22  |i 4280407  |o 347.8305 SAE 2006  |p 4280407  |r 2023-01-25  |w 2019-11-22  |y BK  |k DER